000 00424pab a2200157 454500
008 180718b1990 xxu||||| |||| 00| 0 eng d
100 _aMadden, Janice F.
245 _aThe wage effects of residential location and commuting constraints on employed married women
260 _c1990
300 _a353-69
362 _aJun.
650 _aWages
700 _aLee - in Chen Chiu
773 _aUrban Studies
909 _a21134
999 _c21134
_d21134